In Earth We Trust: Reintroduction of Rammed Earth

Salvato in:
Dettagli Bibliografici
Autore principale: Clayton, Stone
Altri autori: Dráb, Radovan, Kmeťová, Oľga, 1959-
Natura: Capitolo di libro
Lingua:inglese
Tags: Aggiungi Tag
Nessun Tag, puoi essere il primo ad aggiungerne!!

MARC

LEADER 00000naa$a2200000$$$4500
001 0195060
005 20240502083452.5
041 0 |a eng 
044 |a BG 
245 1 0 |a In Earth We Trust: Reintroduction of Rammed Earth  |c Stone Clayton, Radovan Dráb, Oľga Kmeťová 
100 1 |a Clayton, Stone 
700 1 |a Dráb, Radovan 
700 1 |a Kmeťová, Oľga, 1959-